| 000 | 00654cab a2200217 4500 | ||
|---|---|---|---|
| 001 | WB2848-26 | ||
| 008 | 090401t1992 xxu||||| |||| 00| 0 eng d | ||
| 035 | _a(Sirsi) u60604 | ||
| 041 | _aeng | ||
| 245 | _aAdvice on filling empty homes | ||
| 260 | _c1992 | ||
| 350 | _a0 | ||
| 490 |
_aRICS Press Release _v(PR173/92) 3 December 1992 (2) |
||
| 520 | _aRICS Junior Organisation members are urged by the chairman of Empty Homes Agency to play a part in bringing empty houses back into use. | ||
| 650 | _aAFFORDABLE HOMES | ||
| 650 | _aEMPTY PROPERTY | ||
| 650 | _aSPARE SPACE PROJECT | ||
| 690 | _aHOUSING | ||
| 942 | _n0 | ||
| 948 | _c04/03/1997 | ||
| 999 |
_c37414 _d37414 |
||